1667 1305 1387 1462 1528 1933 1067 1665 1492 1590 1739 1028 1292 1517 1309 1237 1231 1194 1105 1247 1729 1750 1359 1732 1397 1024 1546 1024 1702 1674 1492 1987 1453 1341 1838 1192 1769 1362 1356 1979 1416 1890 1054 1800 1456 1767 1384 1672 1934 1395 1601 1337 1529 1496 1794 1639 1477 1171 1443 1288 1444 1848 1807 1664 1532 1511 1646 1501 1548 1060 1471 1552 1227 1480 1694 1571 1823 1965 1938 1369 1688 1601 1730 1509 1098 1620 1268 1519 1895 1167 1767 1725 1155 1218 1318 1562 1469 1341 1264 BCNSPRNW ULIB Ver.6.0+V

เปลี่ยนเป็นภาษาไทย

Change to English
 แสดงรายละเอียดบรรณานุกรม
  กลับหน้าหลัก

Brief Record : Get Marc (ISO 2709) : E-mail record : QR code < ปิดหน้าต่าง
LEADER : 00000nam 2200000uu 4500
001    13399121382
003     ULIB
008    110318s2544||||th 000 0 tha d
020    9749580397
060  4 WY20.5^bว429อ
100 0  วันดี แย้มจันทร์ฉาย
245 00 เอกสารประกอบการสอนวิจัยทางการพยาบาล(รหัสวิชา 501499)/^cวันดี แย้มจันทร์ฉาย
260    นครสวรรค์:^bวิทยาลัยพยาบาลบรมราชชนนี สวรรค์ประชารักษ์ นครสวรรค์^c2544
300    135 หน้า :^bตาราง
650  7 การพยาบาล^xวิจัย
945    ^p0^l0^i033107
995    ทศพร
999 ^a ใช้งานได้ทุกระบบ
รายการนี้ยังไม่มีแท็ก
คุณยังไม่ได้ล็อกอิน คุณสามารถมีกิจกรรมร่วมกับเว็บไซต์ได้ แต่ต้องล็อกอินก่อน ::
  ล็อกอิน

รายการสื่อสารสนเทศ

ลำดับที่ ประเภท เลขเรียก/บาร์โค้ด สถานที่ สถานะ
1. วิทยาศาสตร์การแพทย์ และสุขภาพ
วิทยาศาสตร์การแพทย์ และสุขภาพ
WY20.5 ว429อ ฉ.1 
  Barcode: 033107
ห้องสมุดวิทยาเขตสวรรค์ประชารักษ์
►หนังสือทั่วไป
บนชั้น

รายการใกล้เคียง
    ผู้แต่ง [วันดี แย้มจันทร์ฉาย]

BibComment


ยังไม่เคยถูกคอมเมนท์

คอมเมนท์ทรัพยากรรายการนี้
  คอมเมนท์: เอกสารประกอบการสอ..


 Copyright 2026. Bcnsprnw @Library